Normal view
MARC view
- Dr. Mahmood Ur Raham.
Entry Personal Name
001 - CONTROL NUMBER
- control field: 31338
003 - CONTROL NUMBER IDENTIFIER
- control field: NUST
005 - DATE AND TIME OF LATEST TRANSACTION
- control field: 20201006095151.0
008 - FIXED-LENGTH DATA ELEMENTS
- fixed length control field: 201006|| aca||aabn | a|a d
040 ## - CATALOGING SOURCE
- Original cataloging agency: NUST
- Transcribing agency: NUST
100 ## - HEADING--PERSONAL NAME
- Personal name: Dr. Mahmood Ur Raham.
670 ## - SOURCE DATA FOUND
- Source citation: Work cat.: (NUST): Salahuddin Sadi 30576, Assessing Central Line Associated Bloodstream Infections Rates by Infection Control Monitoring of a Hemodialysis Unit /, 2015.
